banner-ar

دراسة الاسس الفنية و العلمية لتوظيف اللون فى تصميم الاعلان الثابت و المتحرك / (Record no. 63459)

MARC details
000 -الفاتح
حقل البيانات ثابتة الطول 01060nam a22002537a 4500
005 - وقت وتاريخ اخر تعامل مع التسجيلة
رقم الضبط 20240530110642.0
008 - عناصر البيانات ثابتة الطول - معلومات عامة
حقل البيانات ثابتة الطول 171023s2015 ua a g b 000 0 ara d
017 ## - رقم الايداع القانونى
رقم الايداع القانونى 2014/4812
المصدر ( الهيئة المختصة) مصر. دار الكتب
020 ## - الرقم الدولى المعيارى للكتب
الرقم الدولى المعيارى للكتاب 9789773505646
040 ## - مصدر الفهرسة
وكالة الفهرسة الأصلية EG-CaGPL
وكالة النسخ EG-CaGPL
082 04 - رقم تصنيف ديوى العشرى
رقم الطبعة 21
رقم التصنيف 659.143\
رقم المادة ى د
100 0# - المدخل الرئيسى - إسم شخصى
الإسم الشخصى ياسر محمد سهيل .
245 10 - بيان العنوان
العنوان دراسة الاسس الفنية و العلمية لتوظيف اللون فى تصميم الاعلان الثابت و المتحرك /
بيان المسئوليه,etc ياسر محمد سهيل ، ريهام محمد الجندى .
250 ## - بيان الطبعة
بيان الطبعة ط.1
260 ## - PUBLICATION, DISTRIBUTION, ETC. (IMPRINT)
تاريخ النشر أو التوزيع 2015 .
300 ## - الوصف المادى
التعداد 300 ص. :
تفاصيل ماديه اخرى للوعاء صور لو. ؛
أبعاد الوعاء 24 سم.
504 ## - تبصرة ببليوجرافية
تبصرة ببليوجرافية,الخ ببليوجرافية : ص 293 - 300
650 07 - المدخل الاضافى بالموضوع-مصطلح موضوعى
مصدر الرأس أو المصطلح qrmak
مصطلح موضوعي الاعلان بالتليفزيون .
650 07 - المدخل الاضافى بالموضوع-مصطلح موضوعى
مصدر الرأس أو المصطلح qrmak
مصطلح موضوعي الاعلانات
التقسيم الفرعي العام تصميم .
651 ## - المدخل الاضافى بالموضوع - اسم جغرافى
مصدر الرأس أو المصطلح qrmak
700 0# - المدخل الاضافى - اسم شخصى
الإسم الشخصى ريهام محمد الجندى
الدور مؤلف مشارك .
942 ## - عناصر المدخل الإضافي( كوها)
مصدر التصنيف او مخطط الترفيف Dewey Decimal Classification
Koha [default] item type كتاب
260 ## - PUBLICATION, DISTRIBUTION, ETC. (IMPRINT)
-- القاهرة :
-- دار الكتاب الحديث ،
Holdings
حالة التراجع حالة الفقد حالة تلف ليس للاعارة المكان المؤقت الموقع الحالى موقع الترفيف تاريخ الاكتساب اجمالي اﻻعارات رقم الطلب الباركود تاريخ اخر مشاهدة تاريخ تفعيل السعر نوع وعاء كوها
        مكتبة القاهرة الكبرى مكتبة القاهرة الكبرى القاعة الرئيسية 10/23/2017   659.143\ ى د 163501 10/23/2017 10/23/2017 كتاب

Powered By

EGPV